000 00739nam a2200229 a 4500
001 000044003
005 20201002045103.0
008 140513s1988 sp 000 0 spa d
020 _a843441077X
040 _aDO-SdBNP
_bspa
_cBNPHU
082 _axxxx
_bxxxx
100 1 _aBosch Font, Francisco
_971967
245 1 3 _aLa educación en España :
_buna perspectiva económica /
_cFrancesc Bosch, Javier Díaz Malledo ; prólogo Mark Blaug.
260 _aBarcelona :
_bAriel,
_c1988.
300 _a239 p. ;
_c21 cm.
490 1 _aAriel
_v77
504 _aBibliografía: p. [233]
700 1 2 _aDíaz Malledo, Javier
_971968
700 1 2 _aBlaug, Mark
_epról.
_971969
700 1 2 _aDíaz Malledo, Javier
_971968
830 0 _aAriel ;
_n77
_971970
999 _c43492
_d43492